| 000 | 00626pam a2200217 a 4500 | ||
|---|---|---|---|
| 020 | _a0028004426 | ||
| 040 | _cDLC | ||
| 082 | 0 | 0 | _a621 GLE 1993 A038 Or. |
| 100 | 1 | _aSchuler, Charles A. | |
| 245 | 1 | 0 | _aElectric circuit analysis / |
| 260 |
_aNew York, N.Y. : _bGlencoe, _cc1993. |
||
| 300 |
_aix, 773 p. : _bill. (some col.) ; _c27 cm. |
||
| 500 | _aRev. ed. of: Basic electricity and electronics. | ||
| 500 | _aIncludes index. | ||
| 650 | 0 | _aElectrical engineering. | |
| 650 | 0 | _aElectronics. | |
| 650 | 0 | _aElectric circuit analysis. | |
| 700 | 1 | _aFowler, Richard J. | |
| 700 | 1 | _aSchuler, Charles A. | |
| 942 | _cEK | ||
| 999 |
_c11453 _d11453 |
||